000 00444nam a2200181Ia 4500
008 240925s9999 xx 000 0 und d
020 _a9781784873622
082 _a575.016 DAR
100 _aDarwin, Charles
245 4 _aThe origin of species
250 _aNA
260 _aLondon:
_bVintages
_c2019
300 _a322p.
_bNA
_fNA
500 _aIncludes Index
600 _aHumanities & Natural Science
650 _aBiology
942 _cBK
999 _c18174
_d18174